000 00480nam a2200169Ia 4500
003 OSt
005 20260324142004.0
008 190216s9999||||xx |||||||||||||| ||und||
040 _coclc
082 _a891.443
_bBAN/P
100 _aBandopadhyaya, Manik
_96804
245 0 _aPavakaliyude Katha /
_cManik Bandopadhyaya
260 _bPoorna Pubs,
_c1991.
_aKozhikode:
300 _a295p
650 _aNovel
942 _cBK
_2ddc
_h891.443
_iBAN/P
_k891.443
_mBAN/P
999 _c28293
_d28293